[Event "AUTO-OPEN-3142"]
[Site "http://www.queenalice.com/game.php?id=1240122"]
[Date "2013.12.15"]
[Round "1"]
[White "alexei"]
[Black "jnable"]
[Result "0-1"]
[WhiteElo "1267"]
[BlackElo "2047"]

1. d4 f5 2. c4 Nf6 3. Qc2 d6 4. Nf3 Nc6 5. Bf4 Nh5 6. Bd2 e5 7. dxe5 dxe5 8. e4
f4 9. Be2 Nf6 10. Qc3 Nxe4 11. Qc1 Bc5 12. O-O Nxd2 13. Nbxd2 Bf5 14. Nb3 Bd6
15. Re1 O-O 16. c5 Be7 17. Bc4+ Kh8 18. Nxe5 Nxe5 19. Rxe5 Bg6 20. Rd5 Qe8 21.
Qd2 Rd8 22. Rd1 c6 23. Rxd8 Qxd8 24. Nd4 Bxc5 25. Ne6 Qxd2 26. Rxd2 Bb4 27. Rd7
Re8 28. Rxb7 a5 29. Kf1 Bf8 30. Nxf8 Rxf8 31. Ra7 f3 32. Rxa5 fxg2+ 33. Kxg2
Be4+ 34. Kf1 Rb8 35. b3 h6 36. Ke2 Kh7 37. Ke3 Bg2 38. Bd3+ Kg8 39. Ra7 Kf8 40.
Be4 Bxe4 41. Kxe4 Rd8 42. Ke3 g5 43. a4 c5 44. Rc7 Re8+ 45. Kd3 Re5 46. Kc4 Re2
47. Kb5 Rxf2 48. Rxc5 Rxh2 49. a5 Ra2 50. a6 g4 51. Kb6 g3 52. Rc1 h5 53. Kb7 h4
54. a7 h3 55. a8=Q+ Rxa8 56. Kxa8 g2 57. Rc8+ Ke7 58. Rc7+ Kd8 59. Rg7 h2 60.
Rxg2 h1=Q 0-1

[Event "AUTO-OPEN-3142"]
[Site "http://www.queenalice.com/game.php?id=1240151"]
[Date "2013.12.15"]
[Round "1"]
[White "alexei"]
[Black "Felipe162503"]
[Result "0-1"]
[WhiteElo "1100"]
[BlackElo "2024"]

1. d4 d5 2. c4 Nf6 3. Nc3 e6 4. Nf3 Bb4 5. Bg5 h6 6. Bxf6 Qxf6 7. e3 O-O 8. cxd5
exd5 9. Qb3 Bxc3+ 10. bxc3 c6 11. Bd3 b6 12. Rc1 Be6 13. c4 Re8 14. Ne5 Qg5 15.
Rg1 f6 16. Nf3 Qh5 17. Kd2 Nd7 18. Kc2 Qf7 19. Kb1 a5 20. e4 a4 21. Qc2 dxc4 22.
Bxc4 Bxc4 23. Qxc4 Rxe4 24. Qxc6 Rae8 25. Rc2 Re2 26. Rgc1 a3 27. Qc4 Rxc2 28.
Qxf7+ Kxf7 29. Rxc2 b5 30. Rc7 Ke7 31. Rb7 Rb8 32. Rc7 Kd6 33. Rc2 Nb6 34. Nh4
Kd7 35. Kc1 b4 36. Kd2 Re8 37. Nf5 Rg8 38. Kd3 h5 39. Re2 g6 40. Re7+ Kd8 41.
Rb7 gxf5 42. Rxb6 Rxg2 43. Ke3 Rxh2 44. Rxf6 Rh3+ 45. Ke2 b3 46. Rxf5 bxa2 47.
Rd5+ Ke7 48. Re5+ Kd6 49. Ra5 a1=Q 50. Ra6+ Kd5 51. Ra5+ Kxd4 52. Ra8 Qb2+ 53.
Kf1 Qb1+ 0-1

[Event "AUTO-OPEN-3142"]
[Site "http://www.queenalice.com/game.php?id=1240153"]
[Date "2013.12.15"]
[Round "1"]
[White "alexei"]
[Black "valdiluis"]
[Result "0-1"]
[WhiteElo "1360"]
[BlackElo "1794"]

1. d4 b6 2. e4 d5 3. e5 Bb7 4. Bb5+ c6 5. Bd3 e6 6. Nf3 Nd7 7. O-O h6 8. Nc3 Ne7
9. Be3 f6 10. exf6 Nxf6 11. Ne5 Qc7 12. Bg6+ Nxg6 13. Nxg6 Rh7 14. Ne5 Bd6 15.
Ng4 Nxg4 16. Qxg4 O-O-O 17. f4 g5 18. Qxe6+ Kb8 19. fxg5 Bxh2+ 20. Kh1 hxg5 21.
Bg1 Bg3+ 22. Bh2 Rxh2+ 23. Kg1 Rdh8 0-1

[Event "AUTO-OPEN-3142"]
[Site "http://www.queenalice.com/game.php?id=1240154"]
[Date "2013.12.15"]
[Round "1"]
[White "valdiluis"]
[Black "alexei"]
[Result "1-0"]
[WhiteElo "1784"]
[BlackElo "1384"]

1. Nf3 d5 2. d4 Nf6 3. Bg5 e6 4. Nbd2 Be7 5. e3 c5 6. c4 Nbd7 7. Bd3 O-O 8. Rc1
Qa5 9. Qb3 h6 10. Bh4 cxd4 11. O-O dxe3 12. fxe3 Nb6 13. Ne5 g5 14. Be1 Qc5 15.
Bb1 Nfd7 16. Qd3 f5 17. Ng6 Rf7 18. Nb3 Kh7 19. Nxc5 Nxc5 20. Qd4 Kxg6 21. b4
Ne4 22. Bxe4 fxe4 23. Bc3 Rxf1+ 24. Rxf1 Nxc4 25. Qg7+ Kh5 26. Qxe7 Nxe3 27.
Qf7+ Kg4 28. h3+ 1-0

[Event "OS INCLIVEIS"]
[Site "http://www.queenalice.com/game.php?id=1240271"]
[Date "2013.12.15"]
[Round "-"]
[White "adelio"]
[Black "alexei"]
[Result "0-1"]
[WhiteElo "1844"]
[BlackElo "1100"]

1. d4 d5 2. e4 c6 3. e5 Bf5 4. g4 Bd7 5. Be2 c5 6. h4 Nc6 7. Nf3 Bxg4 8. Ng5
Bxe2 9. Nxf7 Bxd1 10. Nxd8 Rxd8 11. Kxd1 Nxd4 12. c3 Nf5 13. Nd2 e6 14. Nf3 d4
15. c4 Nge7 16. h5 g6 17. hxg6 Nxg6 18. Ng5 Ke7 19. Bd2 h6 20. Nf3 Bg7 21. b4 b6
22. a4 Nxe5 23. Nxe5 Bxe5 24. f4 Bg7 25. b5 d3 26. Rh3 Bxa1 27. Kc1 Bf6 28. Rf3
h5 29. Kb1 h4 30. Ka2 h3 31. Kb3 h2 32. Bc3 h1=Q 33. Rf2 Bxc3 34. Kxc3 Qe1+ 35.
Rd2 Rh2 36. a5 Qxd2+ 37. Kb3 Qb4# 0-1

[Event "AUTO-BEG-598"]
[Site "http://www.queenalice.com/game.php?id=1242828"]
[Date "2013.12.26"]
[Round "1"]
[White "PetrossianNeryvinsky"]
[Black "alexei"]
[Result "0-1"]
[WhiteElo "1265"]
[BlackElo "1313"]

1. e4 e5 2. f4 d6 3. f5 Qh4+ 4. g3 Qxe4+ 5. Kf2 Qxf5+ 6. Kg2 d5 7. Nf3 Bc5 8. h3
e4 9. Qe2 Qxf3+ 10. Qxf3 exf3+ 11. Kxf3 Nf6 12. Bb5+ c6 13. Re1+ Be6 14. d3 cxb5
15. Bg5 Kd7 16. g4 b4 17. Nd2 Bd4 18. Rab1 h5 19. Bxf6 hxg4+ 20. Kf4 Bxf6 21.
Rxe6 fxe6 22. Kxg4 Rh4+ 23. Kg3 Nc6 24. Nf3 Rh5 25. c3 Rah8 26. h4 Be5+ 27. Kg4
Bf6 28. d4 Bxh4 29. Rh1 g5 30. b3 bxc3 31. Rc1 Bf2 32. Rxc3 Bxd4 33. Rc1 Be3 34.
Rf1 e5 35. a3 e4 36. Ne1 Rh4+ 37. Kg3 Ne5 0-1

[Event "AUTO-BEG-598"]
[Site "http://www.queenalice.com/game.php?id=1242829"]
[Date "2013.12.26"]
[Round "1"]
[White "alexei"]
[Black "PetrossianNeryvinsky"]
[Result "1-0"]
[WhiteElo "1343"]
[BlackElo "1248"]

1. e4 e5 2. Nf3 Nc6 3. d4 d6 4. Bb5 Bd7 5. dxe5 a6 6. Bxc6 Bxc6 7. Nc3 Qd7 8.
O-O O-O-O 9. Qd4 Kb8 10. Be3 b6 11. Rfd1 f5 12. a4 d5 13. a5 Bc5 14. Qd3 fxe4
15. Qxa6 Bxe3 16. fxe3 b5 17. Nd4 Ne7 18. Nxc6+ Nxc6 19. Qxb5+ Ka7 20. a6 Rb8
21. Qc5+ Rb6 22. Na4 Rb8 23. Nxb6 cxb6 24. Qd6 Qxd6 25. exd6 Rd8 26. Rxd5 Nb4
27. Rd2 Nxa6 28. Rd4 Kb7 29. c4 Nb4 30. Rxe4 Nc6 31. Rd1 Rd7 32. b4 g5 33. b5
Nb4 34. Re7 Kc8 35. Rxd7 Kxd7 36. c5 bxc5 37. b6 h6 38. b7 Nc6 39. e4 c4 40. e5
c3 41. Rc1 Ke6 42. Rxc3 Nb8 43. Rc8 Kxe5 44. Rxb8 Kxd6 45. Rc8 Kd7 46. Rc1 1-0

[Event "AUTO-BEG-598"]
[Site "http://www.queenalice.com/game.php?id=1242840"]
[Date "2013.12.26"]
[Round "1"]
[White "Narizinho"]
[Black "alexei"]
[Result "0-1"]
[WhiteElo "1340"]
[BlackElo "1360"]

1. e4 e5 2. Nf3 Nc6 3. Nc3 Nf6 4. Be2 Bc5 5. O-O O-O 6. a3 d5 7. exd5 Nxd5 8.
Nxd5 Qxd5 9. d3 e4 10. dxe4 Qxd1 11. Rxd1 Be6 12. Be3 Bxe3 13. fxe3 f5 14. exf5
Rxf5 15. Nh4 Re5 16. c3 Rxe3 17. Bh5 g6 18. Bf3 Kf8 19. b4 a6 20. Rdc1 g5 21.
Nf5 Bxf5 22. Bxc6 bxc6 23. c4 h5 24. c5 h4 25. g3 hxg3 26. hxg3 Rae8 27. Kg2
Re2+ 28. Kf3 R8e3# 0-1

[Event "Challenge"]
[Site "http://www.queenalice.com/game.php?id=1248196"]
[Date "2014.1.15"]
[Round "-"]
[White "alexei"]
[Black "mariuszhagel"]
[Result "0-1"]
[WhiteElo "1366"]
[BlackElo "1687"]

1. e4 e5 2. Nf3 Nc6 3. d4 exd4 4. Nxd4 Nxd4 5. Qxd4 d6 6. Bc4 Be6 7. Bxe6 fxe6
8. O-O Nf6 9. e5 Nd5 10. Nc3 Nxc3 11. bxc3 d5 12. Qg4 Qd7 13. Bg5 Be7 14. Kh1
Bxg5 15. Qxg5 Qe7 16. Qd2 h5 17. Rab1 b6 18. Rb4 a5 19. Rb5 O-O 20. c4 Rad8 21.
cxd5 Qd7 22. Rd1 Qxb5 23. Qg5 Rxd5 24. Re1 Rxf2 25. Kg1 Re2 26. Rf1 Rexe5 27.
Qc1 Qe2 28. c4 Rd2 0-1

[Event "SALUTAR XIV"]
[Site "http://www.queenalice.com/game.php?id=1248864"]
[Date "2014.1.16"]
[Round "-"]
[White "perucona"]
[Black "alexei"]
[Result "1-0"]
[WhiteElo "1370"]
[BlackElo "1324"]

1. e4 e5 2. d4 exd4 3. Qxd4 Nc6 4. Qd5 d6 5. Nc3 Be6 6. Qd2 Nf6 7. Nf3 Be7 8.
Bb5 O-O 9. Bxc6 bxc6 10. O-O d5 11. Na4 Nxe4 12. Qe2 Bg4 13. h3 Bxf3 14. gxf3
Ng5 15. Kg2 1-0

[Event "LARANJA"]
[Site "http://www.queenalice.com/game.php?id=1250238"]
[Date "2014.1.21"]
[Round "-"]
[White "rogeriooliveira"]
[Black "alexei"]
[Result "1-0"]
[WhiteElo "1402"]
[BlackElo "1244"]

1. e4 c6 2. d4 d5 3. exd5 cxd5 4. Nc3 Bf5 5. Bd3 Bxd3 6. cxd3 Nf6 7. Nf3 e6 8.
O-O Nbd7 9. Bg5 Be7 10. Bxf6 Bxf6 11. Re1 Qb6 12. b3 1-0

[Event "28 dias/jogada"]
[Site "http://www.queenalice.com/game.php?id=1250271"]
[Date "2014.1.22"]
[Round "-"]
[White "perucona"]
[Black "alexei"]
[Result "1-0"]
[WhiteElo "1384"]
[BlackElo "1307"]

1. e4 c6 2. d4 d5 3. exd5 cxd5 4. Nf3 Bf5 5. Nc3 e6 6. Bd3 Bg6 7. Bxg6 hxg6 8.
O-O Bd6 9. Bg5 Bxh2+ 10. Kh1 Bf4+ 11. Kg1 Bxg5 12. Re1 Nf6 13. Re2 1-0

[Event "28 dias/jogada 7"]
[Site "http://www.queenalice.com/game.php?id=1250277"]
[Date "2014.1.22"]
[Round "-"]
[White "perucona"]
[Black "alexei"]
[Result "1-0"]
[WhiteElo "1397"]
[BlackElo "1293"]

1. e4 c6 2. d4 d5 3. exd5 cxd5 4. Nc3 Bf5 5. Bd3 Bg6 6. Bxg6 hxg6 7. Nf3 Nf6 8.
O-O Nbd7 9. Bg5 Qc7 10. Bxf6 Nxf6 11. Re1 g5 12. Re3 Ng4 13. Re2 Nxh2 14. Nxh2
1-0

[Event "Challenge"]
[Site "http://www.queenalice.com/game.php?id=1253227"]
[Date "2014.2.2"]
[Round "-"]
[White "recchdegomm1"]
[Black "alexei"]
[Result "1-0"]
[WhiteElo "1364"]
[BlackElo "1365"]

1. d4 d5 2. Nf3 c5 3. h3 Bf5 4. c3 Nd7 5. b4 h6 6. bxc5 e6 7. g4 Bh7 8. a4 Ngf6
9. g5 Ne4 10. Ra3 hxg5 11. h4 Bg6 12. Rb3 Qa5 13. Ne5 Nxe5 14. Rxb7 Bh5 15. dxe5
Nxc3 16. Bd2 d4 17. Qc1 Bxc5 18. Rb3 Qxa4 19. Ra3 Bxa3 20. Nxa3 Nd5 21. Bxg5
Qb4+ 22. Bd2 1-0

[Event "Challenge"]
[Site "http://www.queenalice.com/game.php?id=1254882"]
[Date "2014.2.9"]
[Round "-"]
[White "serard1"]
[Black "alexei"]
[Result "1-0"]
[WhiteElo "1437"]
[BlackElo "1384"]

1. d4 d5 2. e3 c5 3. c3 Nf6 4. dxc5 e5 5. h4 h5 6. Bb5+ Bd7 7. Nf3 Bxb5 8. Nxe5
Bxc5 9. Na3 Bxa3 10. bxa3 Nbd7 11. Rb1 1-0